مكتبة جامعة عجلون الوطنية

فهرس بحث المكتبة

The Fundamentals of Atrifical Intelligence, Volume 1 (Record no. 33841)

MARC details
000 -LEADER
fixed length control field 00542nam a22001937a 4500
003 - CONTROL NUMBER IDENTIFIER
control field JO-AjAnu
005 - DATE AND TIME OF LATEST TRANSACTION
control field 20241022142206.0
008 - FIXED-LENGTH DATA ELEMENTS--GENERAL INFORMATION
fixed length control field 241022b jo ||||| |||| 00| 0 ara d
020 ## - INTERNATIONAL STANDARD BOOK NUMBER
International Standard Book Number 7-759-77-8795-978
040 ## - CATALOGING SOURCE
Transcribing agency JO-AjAnu
041 ## - LANGUAGE CODE
Language code of original ENG
100 ## - MAIN ENTRY--PERSONAL NAME
Personal name Talagala, Nisha
Relator term Author
9 (RLIN) 66439
245 ## - TITLE STATEMENT
Title The Fundamentals of Atrifical Intelligence, Volume 1
Statement of responsibility, etc. / Nisha Talagala
260 ## - PUBLICATION, DISTRIBUTION, ETC.
Name of publisher, distributor, etc. Aiclub
Date of publication, distribution, etc.
300 ## - PHYSICAL DESCRIPTION
Extent pages: 280
650 ## - SUBJECT ADDED ENTRY--TOPICAL TERM
Form subdivision Atrifical Intelligence
700 ## - ADDED ENTRY--PERSONAL NAME
Personal name Sindhu Ghanta
9 (RLIN) 66440
Relator term Joint Author
942 ## - ADDED ENTRY ELEMENTS (KOHA)
Source of classification or shelving scheme Library of Congress Classification
Koha item type Books
Suppress in OPAC No
Holdings
Withdrawn status Lost status Source of classification or shelving scheme Damaged status Not for loan Home library Current library Date acquired Total Checkouts Full call number Barcode Date last seen Price effective from Koha item type
    Library of Congress Classification     مكتبة جامعة عجلون الوطنية مكتبة جامعة عجلون الوطنية 22/10/2024   Q335 E3994 22/10/2024 22/10/2024 Books
    Library of Congress Classification     مكتبة جامعة عجلون الوطنية مكتبة جامعة عجلون الوطنية 22/10/2024   Q335 E3993 22/10/2024 22/10/2024 Books